Actors who worked with Wes Craven - Statistics

General Stats
  • This quiz has been taken 23 times
  • The average score is 30 of 125
Answer Stats
Films Answer % Correct
Scream, Scream 2, Scream 3, Scream 4 Courteney Cox
88%
A Nightmare on Elm Street Johnny Depp
88%
Scream, Scream 2, Scream 3, Scream 4 Neve Campbell
88%
Red Eye Brian Cox
82%
Scream Matthew Lillard
82%
Scream, Scream 2, Scream 3, Scream 4 David Arquette
76%
Vampire in Brooklyn Eddie Murphy
76%
Red Eye Cillian Murphy
71%
Scream Drew Barrymore
71%
A Nightmare on Elm Street, New Nightmare Robert Englund
71%
Shocker Michael Murphy
65%
Scream Skeet Ulrich
65%
Scream 4 Emma Roberts
59%
Scream, Scream 2, Scream 3 Jamie Kennedy
59%
Red Eye Rachel McAdams
59%
Scream 3 Richmond Arquette
59%
Scream 2 Jada Pinkett Smith
53%
Scream, Scream 2, Scream 3 Liev Schreiber
53%
Scream Rose McGowan
53%
Scream 2 Timothy Olyphant
53%
Scream 4 Hayden Panettiere
47%
Scream 2 Jerry O'Connell
47%
Scream 2, Cursed Joshua Jackson
47%
Scream 3 Parker Posey
47%
Scream 2 Sarah Michelle Gellar
47%
Vampire in Brooklyn, Music of the Heart Angela Bassett
41%
Scream 4 Rory Culkin
41%
Cursed Christina Ricci
35%
Cursed Jesse Eisenberg
35%
Music of the Heart Meryl Streep
35%
Scream 3 Patrick Dempsey
35%
Scream 4 Adam Brody
29%
Scream 4 Anthony Anderson
29%
The Serpent and the Rainbow Bill Pullman
29%
Scream 2 Elise Neal
29%
Scream 3 Emily Mortimer
29%
A Nightmare on Elm Street | New Nightmare John Saxon
29%
Scream 3 Lance Henriksen
29%
Scream 2, Cursed Portia de Rossi
29%
Scream 3 Scott Foley
29%
Scream 4 Anna Paquin
24%
Scream 4 Britt Robertson
24%
Scream 2 Heather Graham
24%
Red Eye Jayma Mays
24%
Vampire in Brooklyn John Witherspoon
24%
Scream 4 Kristen Bell
24%
Chiller Laura Johnson
24%
Scream 2 Laurie Metcalf
24%
Scream 2 Luke Wilson
24%
The People Under the Stairs Ving Rhames
24%
Scream 4 Alison Brie
18%
A Nightmare on Elm Street Amanda Wyss
18%
The People Under the Stairs Brandon Quintin Adams
18%
A Nightmare on Elm Street, New Nightmare, Shocker Heather Langenkamp
18%
Scream 4 Lucy Hale
18%
The Hills Have Eyes Part II Michael Berryman
18%
New Nightmare Miko Hughes
18%
Skocker Peter Berg
18%
Red Eye Robert Pine
18%
A Nightmare on Elm Street Ronee Blakley
18%
Swamp Thing Adrienne Barbeau
12%
Music of the Heart Aidan Quinn
12%
Scream 3 Carrie Fisher
12%
The Last House on the Left, Swamp Thing David Hess
12%
The People Under the Stairs Everett McGill
12%
Music of the Heart Gloria Estefan
12%
Deadly Blessing, Stranger in Our House Jeff East
12%
A Nightmare on Elm Street Jsu Garcia
12%
Cursed Judy Greer
12%
Deadly Friend Kristy Swanson
12%
Stranger in Our House Linda Blair
12%
A Nightmare on Elm Street, Swamp Thing, Chiller Mimi Craven
12%
Scream 2 Selma Blair
12%
Cursed Shannon Elizabeth
12%
Deadly Blessing Sharon Stone
12%
The People Under the Stairs Wendy Robie
12%
Vampire in Brooklyn Allen Payne
6%
Chiller Beatrice Straight
6%
The People Under the Stairs Bill Cobbs
6%
Shocker Camille Cooper
6%
The Serpent and the Rainbow Cathy Tyson
6%
A Nightmare on Elm Street Charles Fleischer
6%
Music of the Heart Cloris Leachman
6%
The Hills Have Eyes Part II Colleen Riley
6%
New Nightmare David Newsom
6%
My Soul to Take Denzel Whitaker
6%
My Soul to Take Frank Grillo
6%
The Last House on the Left Fred J. Lincoln
6%
The Fireworks Woman Helen Madigan
6%
Red Eye Jack Scalia
6%
Night Visions James Remar
6%
The Hills Have Eyes James Whitworth
6%
The Fireworks Woman Jennifer Jordan
6%
Stranger in Our House Jeremy Slate
6%
Invitation to Hell Joanna Cassidy
6%
My Soul to Take John Magaro
6%
The Hills Have Eyes John Steadman
6%
The Hills Have Eyes Part II Kevin Spirtas
6%
Stranger in Our House Lee Purcell
6%
Night Visions Loryn Locklin
6%
Swamp Thing Louis Jourdan
6%
The Last House on the Left Lucy Grantham
6%
Deadly Blessing Maren Jensen
6%
The Hills Have Eyes Martin Speer
6%
Deadly Friend Matthew Labyorteaux
6%
My Soul to Take Max Thieriot
6%
Chiller Michael Beck
6%
Deadly Friend Michael Sharrett
6%
Cursed Milo Ventimiglia
6%
Shocker, Night Visions Mitch Pileggi
6%
Cursed Nick Offerman
6%
The Serpent and the Rainbow Paul Winfield
6%
Swamp Thing Ray Wise
6%
Invitation to Hell Robert Urich
6%
The Hills Have Eyes Russ Grieve
6%
Cursed Scott Baio
6%
Deadly Blessing Susan Buckner
6%
Invitation to Hell Susan Lucci
6%
The Hills Have Eyes Part II Tamara Stafford
6%
New Nightmare Tracy Middendorf
6%
The Serpent and the Rainbow, Vampire in Brooklyn Zakes Mokae
6%
My Soul to Take Zena Grey
6%
Scream 3 Matt Keeslar
0%
The Last House on the Left Sandra Peabody
0%
No matching quizzes found
Score Distribution
Percent of People with Each Score
Percentile by Number Answered
Your Score History
You have not taken this quiz